000 00672cam a22002293a 4500
001 6557
003 PGUSA
005 20140828083134.0
008 040901s2004||||xxu|||||s|||||000 | eng d
040 _aPGUSA
_beng
042 _adc
050 4 _aPS
100 1 _aPoe, Edgar Allan,
_d1809-1849
245 1 4 _aThe Fall of the House of Usher
_h[electronic resource] /
_cEdgar Allan Poe
260 _bProject Gutenberg,
_c2004
506 _aCopyrighted. Read the copyright notice inside this book for details.
516 _aElectronic text
653 _aHorror tales
830 0 _aProject Gutenberg
_v6557
856 4 0 _uhttp://www.gutenberg.org/ebooks/6557
942 _cAB
999 _c235877
_d235877